Palyginamoji Lietuvos valstybinių parkų geografinės padėties analizė
| Titel: | Palyginamoji Lietuvos valstybinių parkų geografinės padėties analizė |
|---|---|
| Verfasser: | |
| In: |
Geografijos metraštis, Band 32 (1999), Seite 314-329, 8 Tab. alle Artikel anzeigen |
| Veröffentlicht: | 1999 |
| Format: | Aufsatz |
| Sprache: | Litauisch |
X
alg: 39288576 001A $01999:11-11-16 001B $01999:27-04-21 $t20:52:05.000 001C $06050:19-11-16 $t09:31:06.000 001D $01999:11-11-16 001U $0utf8 001X $00 002@ $0Aox 003@ $039288576X 007A $039288576X $aHEB 007T $0Herde08787 010@ $alit 011@ $a1999 021A $aPalyginamoji Lietuvos valstybinių parkų geografinės padėties analizė 028A $aKriaučiūnas $dEdis 031A $d32 $h314-329, 8 Tab. $j1999 037A $aabstract S. 419 (elektron. Ausg.: http://www.geo.lt/metrastis/32/abstracts.html) 037A $aengl. Res. 328-329: A comparative analysis of geographical situation of Lithuanian state parks 039B $aIn $8--Abvc--. Geografijos metraštis. - Vilnius : Akad., 1981-. - ISSN 0132-3156 $x199900000320000686 $9048472980 045F $a630.94793 $eDDC23BSB 045F/01 $a630.9 045F/03 $g4793 045T $a14 lok: 39288576 78 exp: 39288576 78 1 #EPN 201B/01 $019-04-17 $t11:39:44.000 201U/01 $0utf8 203@/01 $0788996037 208@/01 $a11-11-16 $be 209A/01 $a/ $f000 $x00 220C/01 $aTitelaufnehmer: pk 220C/01 $aHerkunft: Baltische Bibliographie / P. Kaegbein 237A/01 $aweiterführende Signatur(en): HI: 45 II AZ 1 244Z/01 $2Trx $#Litauen $#Lithuania $#Litwa $#Litva $#Litva $8--Trx--Lietuva $x01 $9391193457 244Z/01 $2Trx $#aiad ja pargid $#parkai ir sodai $#Gardens and parks $#kertek és parkok $#parki i ogrody $#záhrady a parky $#zahrady a parky $#Parks $#ogrody $#ogrody botaniczne $#parky $#parky $8--Trx--Gärten und Parks $x02 $9391360051 244Z/01 $2Trx $8--Trx--Zeitschriftenaufsatz $x03 $9391384341 245Z/01 $a09.03 $x01 247C/01 $82080>Marburg/Lahn, Herder-Institut, Forschungsbibliothek, Bibliographieportal $9336309341
| LEADER | 00000caa a22000002c 4500 | ||
|---|---|---|---|
| 001 | 39288576X | ||
| 003 | DE-603 | ||
| 005 | 20210427205205.0 | ||
| 007 | tu | ||
| 008 | 161111s1999 xx |||| | u00||u|lit c | ||
| 035 | |a (DE-599)HEB39288576X | ||
| 040 | |a DE-603 |b ger |c DE-603 |d DE-603 | ||
| 041 | |a lit | ||
| 082 | 0 | 4 | |8 1\u |a 630.94793 |q DE-101 |2 23/BSB |
| 084 | |a 14 |2 ssgn | ||
| 085 | |8 1\u |b 630.9 | ||
| 085 | |8 1\u |z 2 |s 4793 | ||
| 100 | 1 | |a Kriaučiūnas, Edis | |
| 245 | 0 | 0 | |a Palyginamoji Lietuvos valstybinių parkų geografinės padėties analizė |
| 264 | 0 | |c 1999 | |
| 500 | |a abstract S. 419 (elektron. Ausg.: http://www.geo.lt/metrastis/32/abstracts.html) | ||
| 500 | |a engl. Res. 328-329: A comparative analysis of geographical situation of Lithuanian state parks | ||
| 773 | 0 | 8 | |i In |t Geografijos metraštis |d Vilnius : Akad., 1981- |x 0132-3156 |g Band 32 (1999), Seite 314-329, 8 Tab. |w (DE-603)048472980 |w (DE-600)990309-4 |
| 924 | 0 | |9 2080 |a (DE-603)788996037 |b DE-2080 |c HES |d d |g / | |


